00585cam a22001937a 450000100100000000500170001000800410002701000130006802000150008104000230009605000170011910000210013624500700015725000110022726000470023830000270028549000260031283000530033800001421520200929163526.0820928s1978 mx 000 0 spa  a82213471 a9682302641 aDO-SdBNPcDLCdDLC00aMLCS 82/96041 aBambirra, Vania.13aEl capitalismo dependiente latinoamericano /cpor Vania Bambirra. a5a ed. aMexico :bSiglo Veintiuno Editores,c1978. aviii, 180 p. ;c18 cm.1 aSociologia y politica 0aSociologia y politica (Siglo Veintiuno Editores)